• 首页
  • 本馆介绍
  • 公告通知
  • 最新文献
  • 馆藏检索
  • 电子资源
  • 读者导购
  • 参考咨询
  • 我的图书馆
  • 登录
  • 详细信息显示
  • 放入我的书架
  • 预约/预借图书
  • 作者相关作品
  • 分类相关作品
  • 丛书相关作品
  • 出版社相关作品

书目信息

  • 表格格式
  • 工作单格式
  • 卡片格式
题名:
莫拉维亚短篇小说选
    
 
作者: 莫拉维亚 , Moravia 著 ;吕同六 译
分册:  
出版信息: 北京   外国文学出版社  1983
页数: 214页
开本: 21cm
丛书名: 二十世纪外国文学丛书
单 册:
中图分类: I546.44 , I546.4
科图分类:
主题词: 短篇小说--意大利--近代--选集 , 文学
电子资源:
ISBN:
000 00907nam2 2200313 45
001 0183010549
005 20040406141808.7
010    @dCNY0.76
091    @a10208.119
100    @a19950728d1983 em y0chiy0121 ea
101 1  @achi@cita
102    @aCN@b110000
105    @ay z 000ay
106    @ar
200 10 @a莫拉维亚短篇小说选@Amo la wei ya duan pian xiao shuo xuan@f(意)莫拉维亚(A.Moravia)著@g吕同六译
210    @a北京@c外国文学出版社@d1983
215    @a214页@d21cm
225 2  @a二十世纪外国文学丛书
410  0 @120010@a二十世纪外国文学丛书
606    @a短篇小说@y意大利@z近代@x选集
606 0  @a文学
690    @aI546.44@v3
690    @aI546.4
701  1 @a莫拉维亚@Amo la wei ya@bA.@4著
701 A1 @aMoravia@bA.@4著
702  0 @a吕同六@Alu tong liu@4译
801  0 @aCN@b上海图书馆@c20040406
801  2 @aCN@bNLC@c20040406
905    @f3@b100538-540@f1@b227732@dI546.4@e11
    
    莫拉维亚短篇小说选/(意)莫拉维亚(A.Moravia)著/吕同六译.-北京:外国文学出版社,1983
    214页;21cm.-(二十世纪外国文学丛书)
    
    
    ISBN :CNY0.76
    
●
相关链接 在E读中查询图书 在五车中查询图书 在当当中查询图书 在豆瓣中查询图书


正题名:莫拉维亚短篇小说选     索取号:I546.4/11         预约/预借

序号 登录号 条形码 馆藏地/架位号 状态 备注
1 0100538   000672169   密集书库/ [索取号:I546.4/11] 在馆    
2 0100539   000672187   密集书库/ [索取号:I546.4/11] 在馆    
3 0100540   000672196   第二借阅区/ [索取号:I546.4/11] 在馆    
4 0100541   000672150   第一样本阅览室/ [索取号:I546.4/11] 在馆    
5 0227732   000672178   密集书库/ [索取号:I546.4/11] 在馆    
唐山师范学院图书馆 欢迎您!
大连网信软件有限公司© 版权所有